Ciudades de Extremadura - ¡Muerte súbita! - Estadísticas

Estadísticas generales
  • Esta prueba ha sido intentada 102 veces
  • La puntuación promedio es 13 de 20
Answers on the Grid
Answers color-coded by a green-red scale on the quiz's grid according to % correct below.
Almendralejo
Astorga
Azuaga
Badajoz
Béjar
Cáceres
Ciudad Rodrigo
Cora
Don Benito
Fregenal de la Sierra
Guadalupe
Huelva
Jerez de la Frontera
Llerena
Los Santos de Maimona
Mérida
Miajadas
Montijo
Navalmoral de la Mata
Olivenza
Plasencia
Talavera de la Reina
Talayuela
Toledo
Tomelloso
Trujillo
Villanueva de la Serena
Zafra
 
Estadísticas de respuestas
Respuesta % Correcto
Almendralejo
89%
Cáceres
89%
Badajoz
86%
Don Benito
79%
Mérida
77%
Plasencia
70%
Montijo
68%
Guadalupe
67%
Olivenza
67%
Trujillo
67%
Zafra
66%
Fregenal de la Sierra
63%
Azuaga
62%
Llerena
62%
Los Santos de Maimona
60%
Navalmoral de la Mata
60%
Villanueva de la Serena
60%
Miajadas
59%
Talayuela
53%
Cora
37%
No se encontraron pruebas coincidentes
Distribución de puntuación
Porcentaje de gente con cada puntuación
Porcentaje por número respondido
Historial de tus puntuaciones
No has intentado esta prueba.